000 01013cam a2200301 4500
001 M2039
008 090401t1995 xxu||||| |||| 00| 0 eng d
035 _a(Sirsi) u96293
041 _aeng
110 _aRoyal Institution of Chartered Surveyors
_94900
245 _aPlanning Policy Guidance Note 6 (revised) : town centres and retail development.
260 _aLondon
_bRICS
_c1995
300 _a9p. ; 30cm.
350 _a4
490 _aRICS Memorandum
_vPU/REPORT(95)15
520 _aRICS response to the draft Planning Policy Guidance note on Town Centres and Retail Development issued for consultation by the Department of the Environment.
650 _aDEPARTMENT OF THE ENVIRONMENT
650 _aDIVERSITY
650 _aPLANNING POLICY GUIDANCE NOTE 6
650 _aPLANNING POLICY GUIDANCE NOTE SIX
650 _aRETAIL DEVELOPMENT
650 _aTOWN CENTRES
650 _aVIABILITY
650 _aVITALITY
690 _aPLANNING LAW AND PRACTICE
942 _n0
948 _c04/03/1997
999 _c98619
_d98619